|
|
|
|
| LEADER |
01612nam a22003852a 4500 |
| 001 |
000796910 |
| 003 |
CZ BrMZK |
| 005 |
20140909170843.0 |
| 007 |
ta |
| 008 |
051111s1959 xr er|||||||||||cze d |
| 015 |
|
|
|a cnb000685425
|
| 035 |
|
|
|a (OCoLC)72410832
|
| 040 |
|
|
|a ABA001
|b cze
|c ULG001
|d ABA001
|
| 041 |
1 |
|
|a cze
|h ger
|
| 245 |
0 |
0 |
|a SS v akci :
|b dokumenty o zločinech SS /
|c z německého originálu přeložil Svatopluk Dolejš, Otto Hornung a Josef Klánský ; předmluva: Heinrich Toeplitz ; předmluva k českému vydání: Václav Berdych
|
| 250 |
|
|
|a 1. vyd.
|
| 260 |
|
|
|a Praha :
|b Naše vojsko,
|c 1959
|
| 300 |
|
|
|a 677 s., příl.
|
| 490 |
1 |
|
|a Fakta a svědectví ;
|v sv. 5
|
| 500 |
|
|
|a Přeloženo z němčiny
|
| 500 |
|
|
|a 10000 výt.
|
| 500 |
|
|
|a Dostupné též v digitální podobě v aplikaci Kramerius
|
| 765 |
0 |
|
|t SS im Einsatz
|9 Česky
|
| 700 |
1 |
|
|a Dolejš, Svatopluk,
|d 1922-
|7 jk01022569
|4 trl
|
| 700 |
1 |
|
|a Hornung, Otto,
|d 1920-2013
|7 jk01042254
|4 trl
|
| 700 |
1 |
|
|a Klánský, Josef,
|d 1921-1995
|7 jk01060266
|4 trl
|
| 700 |
1 |
|
|a Berdych, Václav,
|d 1916-2016
|7 jk01011782
|4 wfw
|
| 830 |
|
0 |
|a Fakta a svědectví
|0 s
|
| 856 |
4 |
1 |
|u http://www.digitalniknihovna.cz/mzk/uuid/uuid:629843e0-9f68-11e6-9325-005056827e52
|y Digitalizovaný dokument
|x NDK
|
| 910 |
|
|
|a BOA001
|b PK-0023.307
|b 2-0430.577
|
| 964 |
|
|
|a SS - dokumenty - sborníky
|
| 990 |
|
|
|a BK
|
| 991 |
|
|
|b 201407
|
| 996 |
6 |
|
|b 2618700941
|c 2-0430.577
|l MZK
|r Sklad / do 24 hodin
|n 0
|w 000796910
|u 000020
|a 1
|e BOA001
|j MZK50
|s P
|
| 996 |
6 |
|
|b 3119651026
|c PK-0023.307
|l MZK
|r Sklad / do 1 hodiny
|n 6
|w 000796910
|u 000010
|a 1
|e BOA001
|j MZK50
|s P
|